000 01119nam a2200253 i 4500
001 98670
003 ES-MaACL
005 20250907063058.0
007 t|
008 950920s1883 sp ||||1| spa d
040 _aCAM
_bspa
_cCAM
100 1 _aElías de Molins, José,
_d1848-1928
_946975
245 1 0 _aEstado de la marina mercante española y medios de fomentarla :
_bdiscurso pronunciado en el Congreso de Geografía Colonial y Mercantil por José Elías de Molins ... en la sesión celebrada el día 12 de noviembre de 1883...
260 _aBarcelona :
_b[s.n.],
_c1883 (
_fImp. Sindicato del Concurso de Damián Vilarnau)
300 _a30 p. ;
_c25 cm.
530 _aDisponible en formato digital.
611 2 _aCongreso Español de Geografía Colonial y Mercantil
_n(1º.
_d1883.
_cMadrid)
_9241770
650 4 _aMarina mercante-
_zEspaña-
_yS.XIX.
_9153540
650 4 _aTransportes marítimos-
_zEspaña.
_9141606
852 _aES-MaACL
_jT-441-F-9
856 _uhttp://bdh-rd.bne.es/viewer.vm?id=0000129993&page=1
_zBiblioteca Digital Hispánica
942 _2udc
999 _c98670
_d98670